Το γονεϊκό πρότυπο όπως το έχουν βιώσει κακοποιημένες γυναίκες τόσο στην παιδική τους ηλικία όσο και κατά την ενήλικη ζωή τους : διπλωματική εργασία [μεταπτυχιακή εργασία]

Αποθηκεύτηκε σε:
Λεπτομέρειες βιβλιογραφικής εγγραφής
Κύριος συγγραφέας: Απελίδου, Μερόπη
Συγγραφή απο Οργανισμό/Αρχή: Πανεπιστήμιο Αιγαίου Σχολή Ανθρωπιστικών Επιστημών Τμήμα Επιστημών της Προσχολικής Αγωγής και του Εκπαιδευτικού Σχεδιασμού Πρόγραμμα Μεταπτυχιακών Σπουδών Φύλο και Νέα Εκπαιδευτικά και Εργασιακά Περιβάλλοντα στην Κοινωνία της Πληροφορίας
Άλλοι συγγραφείς: Βιτσιλάκη, Χρυσή (Εισηγητής διατριβής)
Μορφή: Thesis Βιβλίο
Γλώσσα:Greek
Δημοσίευση: 2011
Θέματα:
Διαθέσιμο Online:http://hdl.handle.net/11610/13900
Ετικέτες: Προσθήκη ετικέτας
Δεν υπάρχουν, Καταχωρήστε ετικέτα πρώτοι!

MARC

LEADER 00000cam a2200000 i 4500
001 1/23706
008 121029s2011 gre d
035 |l 10113293 
040 |a GR-MY-UA  |b gre  |e aacr 
041 0 |a gre 
082 0 |a 362.8292  |2 (22) 
100 1 |a Απελίδου, Μερόπη. 
245 1 3 |a Το γονεϊκό πρότυπο όπως το έχουν βιώσει κακοποιημένες γυναίκες τόσο στην παιδική τους ηλικία όσο και κατά την ενήλικη ζωή τους :  |b διπλωματική εργασία [μεταπτυχιακή εργασία] /  |c Μερόπη Απελίδου ; επιβλέπουσα: Χρυσή Βιτσιλάκη 
260 |c 2011 
300 |a 170 σ.;  |b πιν.;  |c 30 εκ. 
500 |a Μέλη εξεταστικής επιτροπής: Μίκα Χαρίτου-Φατούρου, Μαρία Γκασούκα 
502 |a Διατριβή (μεταπτυχιακή) – Πανεπιστήμιο Αιγαίου, Ρόδος, 2011. 
504 |a Βιβλιογραφία: σ. 155-167 
650 0 0 |a Family violence. 
650 0 0 |a Abused women. 
650 0 0 |a Problem families. 
650 0 0 |a Dissertations, Academic  |z Greece. 
700 1 |a Βιτσιλάκη, Χρυσή.  |4 ths 
710 1 |a Πανεπιστήμιο Αιγαίου   |b Σχολή Ανθρωπιστικών Επιστημών   |b Τμήμα Επιστημών της Προσχολικής Αγωγής και του Εκπαιδευτικού Σχεδιασμού   |b Πρόγραμμα Μεταπτυχιακών Σπουδών Φύλο και Νέα Εκπαιδευτικά και Εργασιακά Περιβάλλοντα στην Κοινωνία της Πληροφορίας. 
852 |a INST  |b RHODES  |c DIATR  |e 20121029  |h 362.8292 ΑΠΕ  |p 005400034665  |q 005400034665  |t MTXE  |y 23 
852 |a INST  |b RHODES  |c DIATR  |e 20121029  |h 362.8292 ΑΠΕ  |p 005400034666  |q 005400034666  |t MTXE  |y 23 
856 |u http://hdl.handle.net/11610/13900 
901 |a BIBL4-2012-3 
909 |a Ρ  |b 176252 
909 |a Ρ  |b 176253 
924 |a ΑΠΕΛΙΔΟΥ  |b ΜΕΡΟΠΗ  |y ΡΟΔΟΣ  |z 2011 
970 |z 2012/10/29